| 000 | 00477nam a2200133 a 4500 | ||
|---|---|---|---|
| 008 | 120416s1989 ||||||||||||||||| || u | ||
| 050 | _aTN 690 Min | ||
| 245 | 1 | 0 |
_aIndustrial minerals _cedited by S. J. Cribb |
| 246 | _atomorrow's necessities | ||
| 260 |
_aLichfield _bMiro _c1989 |
||
| 300 | _a[iv], 110p. : ill. | ||
| 350 | _a0.00 | ||
| 995 |
_D0.00 _FCBU-MAIN LIBRARY (Kitwe) _H1 _I15.00 _UDAMAGED _ZMain Library Open Access Collection |
||
| 999 |
_c46737 _d46737 |
||